Colorado Avalanche Leaders - Statistics

General Stats
  • This quiz has been taken 131 times
    46 since last reset
  • The average score is 47 of 100
Answer Stats
Stat Number Answer % Correct
Most Goals 625 Joe Sakic
94%
Most Assists 1016 Joe Sakic
94%
Most Points 1641 Joe Sakic
94%
Most Games Played 1378 Joe Sakic
94%
Most Game Winning Goals 86 Joe Sakic
94%
Most Goals 420 Nathan MacKinnon
94%
Most Assists 722 Nathan MacKinnon
94%
Most Points 1142 Nathan MacKinnon
94%
Most Games Played 950 Nathan MacKinnon
94%
Most Game Winning Goals 76 Nathan MacKinnon
94%
Most Goals 217 Peter Forsberg
88%
Most Assists 538 Peter Forsberg
88%
Most Points 755 Peter Forsberg
88%
Most Game Winning Goals 38 Peter Forsberg
88%
Most Games Played (Goalie) 478 Patrick Roy
82%
Most Wins 262 Patrick Roy
82%
Most Shutouts 37 Patrick Roy
82%
Best Career Save Percentage .918 Patrick Roy
82%
Best Career Goals Against Average 2.27 Patrick Roy
82%
Most Assists 371 Cale Makar
76%
Most Points 507 Cale Makar
76%
Most Goals 262 Gabriel Landeskog
76%
Most Assists 344 Gabriel Landeskog
76%
Most Points 606 Gabriel Landeskog
76%
Most Games Played 798 Gabriel Landeskog
76%
Most Game Winning Goals 45 Gabriel Landeskog
76%
Most Goals 287 Mikko Rantanen
71%
Most Assists 394 Mikko Rantanen
71%
Most Points 681 Mikko Rantanen
71%
Most Game Winning Goals 46 Mikko Rantanen
71%
Most Shutouts 6 Mackenzie Blackwood
65%
Best Career Save Percentage .908 Mackenzie Blackwood
65%
Best Career Goals Against Average 2.42 Mackenzie Blackwood
65%
Best Career Save Percentage .920 Scott Wedgewood
65%
Best Career Goals Against Average 2.02 Scott Wedgewood
65%
Most Goals 252 Anton Šťastný
59%
Most Assists 384 Anton Šťastný
59%
Most Points 636 Anton Šťastný
59%
Most Game Winning Goals 31 Anton Šťastný
59%
Most Goals 380 Peter Šťastný
59%
Most Assists 668 Peter Šťastný
59%
Most Points 1048 Peter Šťastný
59%
Most Games Played 737 Peter Šťastný
59%
Most Game Winning Goals 43 Peter Šťastný
59%
Most Goals 375 Milan Hejduk
53%
Most Assists 430 Milan Hejduk
53%
Most Points 805 Milan Hejduk
53%
Most Games Played 1020 Milan Hejduk
53%
Most Game Winning Goals 59 Milan Hejduk
53%
Most Games Played 967 Adam Foote
47%
Most Wins 66 Philipp Grubauer
41%
Most Shutouts 12 Philipp Grubauer
41%
Best Career Save Percentage .918 Philipp Grubauer
41%
Best Career Goals Against Average 2.38 Philipp Grubauer
41%
Most Goals 456 Michel Goulet
35%
Most Assists 490 Michel Goulet
35%
Most Points 946 Michel Goulet
35%
Most Games Played 813 Michel Goulet
35%
Most Game Winning Goals 47 Michel Goulet
35%
Most Games Played 717 Erik Johnson
29%
Best Career Save Percentage .902 José Théodore
29%
Best Career Goals Against Average 2.76 José Théodore
29%
Most Goals 178 Matt Duchene
29%
Most Game Winning Goals 29 Matt Duchene
29%
Most Games Played (Goalie) 389 Semyon Varlamov
29%
Most Wins 183 Semyon Varlamov
29%
Most Shutouts 21 Semyon Varlamov
29%
Best Career Save Percentage .915 Semyon Varlamov
29%
Best Career Goals Against Average 2.72 Semyon Varlamov
29%
Most Games Played (Goalie) 143 Alexandar Georgiev
24%
Most Wins 86 Alexandar Georgiev
24%
Most Shutouts 7 Alexandar Georgiev
24%
Best Career Save Percentage .904 Alexandar Georgiev
24%
Most Shutouts 7 Craig Anderson
18%
Best Career Save Percentage .911 Craig Anderson
18%
Best Career Goals Against Average 2.83 Craig Anderson
18%
Most Games Played (Goalie) 226 Dan Bouchard
18%
Most Wins 107 Dan Bouchard
18%
Most Games Played 696 Alain Côté
12%
Most Games Played (Goalie) 174 David Aebischer
12%
Most Wins 89 David Aebischer
12%
Most Shutouts 13 David Aebischer
12%
Best Career Save Percentage .915 David Aebischer
12%
Best Career Goals Against Average 2.35 David Aebischer
12%
Most Games Played (Goalie) 242 Peter Budaj
12%
Most Wins 101 Peter Budaj
12%
Most Shutouts 9 Peter Budaj
12%
Best Career Goals Against Average 2.83 Peter Budaj
12%
Most Games Played (Goalie) 153 Ron Tugnutt
12%
Most Games Played (Goalie) 188 Stéphane Fiset
12%
Most Wins 84 Stéphane Fiset
12%
Most Shutouts 6 Stéphane Fiset
12%
Most Games Played (Goalie) 139 Clint Malarchuk
6%
Most Wins 62 Clint Malarchuk
6%
Most Games Played (Goalie) 192 Mario Gosselin
6%
Most Wins 79 Mario Gosselin
6%
Most Shutouts 6 Mario Gosselin
6%
Best Career Save Percentage .914 Calvin Pickard
0%
Best Career Goals Against Average 2.77 Calvin Pickard
0%
Most Games Played 659 Cody McLeod
0%
No matching quizzes found
Score Distribution
Percent of People with Each Score
Percentile by Number Answered
Your Score History
You have not taken this quiz since the last reset